[Event "Toronto Excelsior op"]
[Site "Toronto"]
[Date "2024.02.25"]
[Round "5"]
[White "Zhong, April Yunwei"]
[Black "Qian, Eric"]
[Result "0-1"]
[WhiteElo "1554"]
[BlackElo "1685"]
[PlyCount "174"]
[EventDate "2024.02.23"]
[EventType "swiss"]
[EventRounds "5"]
[EventCountry "CAN"]
[SourceTitle "CBM 219 Extra"]
[Source "ChessBase"]
[SourceDate "2024.05.31"]
[SourceVersion "1"]
[SourceVersionDate "2024.05.31"]
[SourceQuality "1"]

1. e4 e5 2. Nf3 Nc6 3. d4 exd4 4. Nxd4 Nf6 5. Nc3 Bb4 6. Nxc6 bxc6 7. Bd3 d5 8. exd5 0-0 9. 0-0 cxd5 10. Bg5 c6 11. Qf3 Bd6 12. Rfe1 Rb8 13. Na4 h6 14. Bxf6 Qxf6 15. Qxf6 gxf6 16. c4 Ba6 17. Rac1 Rb4 18. Bc2 Rxc4 19. b3 Rd4 20. Bf5 Bb4 21. Re3 Bd2 22. Rg3+ Kh8 23. Rb1 Bc8 24. Rd3 Rxd3 25. Bxd3 Re8 26. Kf1 Kg7 27. Rd1 Bf4 28. g3 Bh3+ 29. Kg1 Bd6 30. f4 Kf8 31. Rc1 Bd7 32. Kf2 Ke7 33. Ke3 Kd8+ 34. Kd4 Kc7 35. Nc5 Bc8 36. b4 a6 37. a3 Kb6 38. Nxa6 Bxa6 39. Bxa6 Ra8 40. Bd3 Rxa3 41. Rb1 Kb7 42. Bf1 Bc7 43. Kc5 Rc3+ 44. Kd4 Rf3 45. Kc5 Rc3+ 46. Kd4 Rc2 47. b5 Bb6+ 48. Kd3 Rxh2 49. bxc6+ Kxc6 50. Rc1+ Bc5 51. Rc2 Rxc2 52. Kxc2 f5 53. Kd3 Bf2 54. Ke2 Bxg3 55. Kf3 Bh4 56. Bd3 d4 57. Bxf5 Kd5 58. Be4+ Kc4 59. Ke2 Kc3 60. Bf5 Bg3 61. Kf3 Bh2 62. Bd7 d3 63. Ba4 d2 64. Ke3 h5 65. Bd1 h4 66. f5 f6 67. Kf3 Kb2 68. Kg4 Kc1 69. Bf3 Bg3 70. Kh5 d1Q 71. Bxd1 Kxd1 72. Kg4 Ke2 73. Kh3 Kf2 74. Kg4 Kg2 75. Kh5 h3 76. Kg6 Be5 77. Kf7 h2 78. Ke6 h1Q 79. Kf7 Kg3 80. Ke7 Qb7+ 81. Ke6 Qc6+ 82. Ke7 Qd6+ 83. Kf7 Qd7+ 84. Kg6 Qe7 85. Kh6 Bf4+ 86. Kg6 Bc1 87. Kh5 Qh7# 0-1

[Event "Wch U12"]
[Site "Batumi"]
[Date "2022.09.18"]
[Round "3"]
[White "Qian, Eric"]
[Black "Rey Martinez, Jaime"]
[Result "1-0"]
[WhiteElo "1572"]
[BlackElo "2168"]
[PlyCount "51"]
[EventDate "2022.09.16"]
[EventType "swiss"]
[EventRounds "11"]
[EventCountry "GEO"]
[SourceTitle "EXT 2023"]
[Source "ChessBase"]
[SourceDate "2022.10.05"]
[SourceVersion "1"]
[SourceVersionDate "2022.10.05"]
[SourceQuality "1"]

1. e4 c5 2. Nf3 a6 3. c3 d5 4. exd5 Qxd5 5. d4 Nf6 6. Be2 cxd4 7. cxd4 e6 8. Nc3 Qd6 9. 0-0 Nc6 10. Bc4 b5 11. Bb3 Na5 12. Bc2 Bb7 13. a3 Be7 14. Bg5 0-0 15. Qd3 g6 16. Rad1 Nc4 17. Bc1 Rfd8 18. Ng5 Rac8 19. Qh3 h5 20. Rfe1 Bd5 21. Nxd5 exd5 22. Qf3 Nh7 23. Re6 Bxg5 24. Rxd6 Rxd6 25. Bxg5 Nxb2 26. Qg3 1-0